<?xml version="1.0" encoding="UTF-8"?>
<record
    xmlns:xsi="http://www.w3.org/2001/XMLSchema-instance"
    xsi:schemaLocation="http://www.loc.gov/MARC21/slim http://www.loc.gov/standards/marcxml/schema/MARC21slim.xsd"
    xmlns="http://www.loc.gov/MARC21/slim">

  <leader>01461nam a22002897i 4500</leader>
  <datafield tag="999" ind1=" " ind2=" ">
    <subfield code="c">23085</subfield>
    <subfield code="d">23085</subfield>
  </datafield>
  <controlfield tag="003">AR-CdUCM</controlfield>
  <controlfield tag="008">241002b20132013 pe||||| |||| 00| 0 eng d</controlfield>
  <datafield tag="020" ind1=" " ind2=" ">
    <subfield code="a">978-612-4075-30-8</subfield>
  </datafield>
  <datafield tag="040" ind1=" " ind2=" ">
    <subfield code="a">MUNICIPALIDAD PROVINCIAL DEL CUSCO</subfield>
    <subfield code="c">BIBLIOTECA MUNICIPAL DEL CUSCO</subfield>
  </datafield>
  <datafield tag="082" ind1=" " ind2=" ">
    <subfield code="a">306 / K25</subfield>
    <subfield code="b">K25</subfield>
  </datafield>
  <datafield tag="100" ind1=" " ind2=" ">
    <subfield code="a">Kato, Takahiro</subfield>
  </datafield>
  <datafield tag="245" ind1=" " ind2=" ">
    <subfield code="a">Tejidos de sue&#xF1;os : </subfield>
    <subfield code="b">Im&#xE1;genes y fiestas en el mundo andino /</subfield>
  </datafield>
  <datafield tag="260" ind1=" " ind2=" ">
    <subfield code="b">Fondo Editorial del Congreso del Per&#xFA;</subfield>
    <subfield code="c">2013</subfield>
    <subfield code="a">Lima :</subfield>
  </datafield>
  <datafield tag="300" ind1=" " ind2=" ">
    <subfield code="a">288 p&#xE1;ginas. :</subfield>
    <subfield code="c">24 cm.</subfield>
  </datafield>
  <datafield tag="500" ind1=" " ind2=" ">
    <subfield code="z">Bibliograf&#xED;a: p&#xE1;gina 288</subfield>
  </datafield>
  <datafield tag="505" ind1=" " ind2=" ">
    <subfield code="a">Tiempo y calendario, El tab&#xFA; matrimonial -- La fiesta en el proceso del cambio, Transformaci&#xF3;n de la cruz Velacuy -- El mundo misterioso del compactado, El pacto con el diablo -- Sentido sociocultural del sacaojos, Los rumores y la mentalidad popular, Estructura del sacaojos -- Breve historia del ni&#xF1;o compadrito del Cusco, aparici&#xF3;n del ni&#xF1;o compadrito -- El sentido de la reconstrucci&#xF3;n de la imagen del ni&#xF1;o compadrito -- La revelaci&#xF3;n del sue&#xF1;o -- La formaci&#xF3;n del relato.</subfield>
  </datafield>
  <datafield tag="650" ind1=" " ind2=" ">
    <subfield code="a">Pensamiento popular del tiempo</subfield>
    <subfield code="9">50662</subfield>
  </datafield>
  <datafield tag="650" ind1=" " ind2=" ">
    <subfield code="a">Cruz Velacuy</subfield>
    <subfield code="9">50663</subfield>
  </datafield>
  <datafield tag="650" ind1=" " ind2=" ">
    <subfield code="a">Tiempo de la agricultura</subfield>
    <subfield code="9">50664</subfield>
  </datafield>
  <datafield tag="650" ind1=" " ind2=" ">
    <subfield code="a">Evoluci&#xF3;n del culto</subfield>
    <subfield code="9">50665</subfield>
  </datafield>
  <datafield tag="650" ind1=" " ind2=" ">
    <subfield code="a">La revelaci&#xF3;n del sue&#xF1;o</subfield>
    <subfield code="9">50666</subfield>
  </datafield>
  <datafield tag="650" ind1=" " ind2=" ">
    <subfield code="a">El sentido social del saca ojos</subfield>
    <subfield code="9">50667</subfield>
  </datafield>
  <datafield tag="650" ind1=" " ind2=" ">
    <subfield code="a">El tab&#xFA; matrimonial</subfield>
    <subfield code="9">50668</subfield>
  </datafield>
  <datafield tag="942" ind1=" " ind2=" ">
    <subfield code="2">ddc</subfield>
    <subfield code="c">LIBROS</subfield>
  </datafield>
  <datafield tag="945" ind1=" " ind2=" ">
    <subfield code="a">pbj</subfield>
    <subfield code="d">02-10-2024</subfield>
  </datafield>
  <datafield tag="952" ind1=" " ind2=" ">
    <subfield code="0">0</subfield>
    <subfield code="2">ddc</subfield>
    <subfield code="4">0</subfield>
    <subfield code="7">0</subfield>
    <subfield code="a">SH</subfield>
    <subfield code="b">SH</subfield>
    <subfield code="c">CART</subfield>
    <subfield code="d">2024-10-02</subfield>
    <subfield code="e">Donaci&#xF3;n</subfield>
    <subfield code="g">25.00</subfield>
    <subfield code="o">306 / K25</subfield>
    <subfield code="p">SH0000016817</subfield>
    <subfield code="r">2024-10-02</subfield>
    <subfield code="y">LIBROS</subfield>
  </datafield>
</record>
